| 000 | 00846nam a2200253 a 4500 | ||
|---|---|---|---|
| 001 | BRCA_3513 | ||
| 005 | 20190320204321.0 | ||
| 008 | 250709s1883----enka######---#000-0#eng-# | ||
| 041 | _aeng | ||
| 044 | _aenk | ||
| 050 | 4 |
_aF1215 _b.B76 1883 |
|
| 100 | 1 |
_aBrocklehurts, Thomas Unett. _99130 |
|
| 245 | 1 | 0 |
_aMéxico to-day _ba country with a great future, and a glancelat the prehistoric remains and antiquities of de Montezumas _cby Thomas Unett Brocklehurst. |
| 260 |
_aLondon _bJ. Murray _c1883 |
||
| 300 |
_a259 p. _bil. lvi láminas (algunas a color) _c22 cm. |
||
| 500 | _aIncluye lista de ilustraciones | ||
| 500 | _aB117 | ||
| 650 | 1 | 4 |
_aViajeros ingleses. _97018 |
| 650 | 1 | 4 |
_aAztecas. _92396 |
| 650 | 1 | 4 |
_aIndios de México _xAntigüedades. _99131 |
| 651 | 4 |
_aMéxico _xDescripción y viajes. _9103 |
|
| 902 | _aGFM | ||
| 942 |
_2lcc _cB |
||
| 999 |
_c3248 _d3248 |
||